000 00286 a2200133 4500
001 153302
040 _cEscola São Tomás de Aquino
100 _aALENCAR, José
240 1 0 _aO Guarani
_lpor
245 1 0 _aO Guarani
300 _a402
697 _aLITERATURA BRASILEIRA
942 _cBK
999 _c153302
_d153302